[Event "Agen 2017 - Accession"]
[Site "?"]
[Date "2017.08.26"]
[Round "8.3"]
[White "Duboue, Peio"]
[Black "Loiseau, Quentin"]
[Result "1/2-1/2"]
[LiveChessVersion "1.4.8"]
[BlackElo "2425"]
[WhiteElo "2403"]

1. e4 {[%clk 1:30:58]} c6 {[%clk 1:30:27]} 2. c4 {[%clk 1:30:50]} d5
{[%clk 1:30:51]} 3. exd5 {[%clk 1:31:17]} cxd5 {[%clk 1:31:17]} 4. cxd5
{[%clk 1:31:43]} Nf6 {[%clk 1:31:41]} 5. Qa4+ {[%clk 1:32:10]} Nbd7
{[%clk 1:32:00]} 6. Nc3 {[%clk 1:32:37]} g6 {[%clk 1:31:58]} 7. Nf3
{[%clk 1:33:04]} Bg7 {[%clk 1:32:21]} 8. Bc4 {[%clk 1:33:30]} O-O
{[%clk 1:31:40]} 9. d3 {[%clk 1:33:56]} a6 {[%clk 1:31:51]} 10. Qa3
{[%clk 1:34:22]} b6 {[%clk 1:31:30]} 11. O-O {[%clk 1:32:06]} Bb7
{[%clk 1:30:58]} 12. Re1 {[%clk 1:28:38]} Re8 {[%clk 1:29:39]} 13. Be3
{[%clk 1:21:39]} b5 {[%clk 1:16:22]} 14. Bb3 {[%clk 1:21:12]} Nb6
{[%clk 1:15:48]} 15. Bd4 {[%clk 1:12:38]} Nfxd5 {[%clk 1:12:58]} 16. Bxg7
{[%clk 1:12:22]} Kxg7 {[%clk 1:13:19]} 17. Nxd5 {[%clk 1:10:39]} Nxd5
{[%clk 1:12:59]} 18. Qc5 {[%clk 1:04:31]} Rc8 {[%clk 0:51:16]} 19. Qd4+
{[%clk 0:59:29]} Nf6 {[%clk 0:50:23]} 20. Qe3 {[%clk 0:59:01]} Bd5
{[%clk 0:38:33]} 21. h3 {[%clk 0:54:06]} Qd6 {[%clk 0:36:50]} 22. Ng5
{[%clk 0:53:45]} Rc6 {[%clk 0:15:45]} 23. Ne4 {[%clk 0:52:46]} Nxe4
{[%clk 0:15:16]} 24. dxe4 {[%clk 0:52:14]} Bxb3 {[%clk 0:15:37]} 25. Qxb3
{[%clk 0:50:45]} Rec8 {[%clk 0:15:46]} 26. a4 {[%clk 0:44:12]} Rc2
{[%clk 0:12:02]} 27. axb5 {[%clk 0:43:35]} axb5 {[%clk 0:11:30]} 28. Qxb5
{[%clk 0:39:38]} Qd4 {[%clk 0:10:57]} 29. Qf1 {[%clk 0:29:57]} Rxb2
{[%clk 0:10:04]} 30. Rad1 {[%clk 0:30:00]} Qb6 {[%clk 0:09:36]} 31. Re2
{[%clk 0:27:00]} Rcc2 {[%clk 0:10:04]} 32. Rxc2 {[%clk 0:27:27]} Rxc2
{[%clk 0:10:30]} 33. Re1 {[%clk 0:27:11]} Qc5 {[%clk 0:09:47]} 34. Re2
{[%clk 0:23:03]} Rc1 {[%clk 0:10:14]} 35. Re1 {[%clk 0:23:29]} Rc2
{[%clk 0:10:41]} 36. Re2 {[%clk 0:23:54]} Rc1 {[%clk 0:10:06]} 37. Re1
{[%clk 0:24:17]} Rc3 {[%clk 0:10:29]} 38. Qe2 {[%clk 0:23:43]} Rc2
{[%clk 0:10:31]} 39. Qe3 {[%clk 0:22:31]} Qxe3 {[%clk 0:10:47]} 40. Rxe3
{[%clk 0:52:57]} Kf6 {[%clk 0:41:08]} 41. Rf3+ {[%clk 0:53:10]} Ke6
{[%clk 0:41:33]} 42. Ra3 {[%clk 0:51:27]} Re2 {[%clk 0:41:43]} 43. Ra6+
{[%clk 0:50:18]} Ke5 {[%clk 0:42:05]} 44. Ra7 {[%clk 0:50:33]} Kf6
{[%clk 0:42:33]} 45. f3 {[%clk 0:50:50]} g5 {[%clk 0:42:27]} 46. Ra5
{[%clk 0:45:39]} e6 {[%clk 0:42:26]} 47. Kh2 {[%clk 0:43:05]} Kg6
{[%clk 0:42:28]} 48. Ra8 {[%clk 0:42:06]} h6 {[%clk 0:42:26]} 49. Rb8
{[%clk 0:41:18]} Kg7 {[%clk 0:42:06]} 50. Rb5 {[%clk 0:39:33]} Kg6
{[%clk 0:42:28]} 1/2-1/2

[Event "Agen 2017 - Accession"]
[Site "?"]
[Date "2017.08.26"]
[Round "8.4"]
[White "Travadon, Loic"]
[Black "Philippe, Guillaume"]
[Result "1-0"]
[LiveChessVersion "1.4.8"]
[BlackElo "2364"]
[WhiteElo "2341"]

1. d4 {[%clk 1:30:57]} Nf6 {[%clk 1:30:39]} 2. c4 {[%clk 1:31:16]} e6
{[%clk 1:31:03]} 3. Nf3 {[%clk 1:31:42]} b6 {[%clk 1:30:42]} 4. g3
{[%clk 1:31:36]} Ba6 {[%clk 1:30:59]} 5. Nbd2 {[%clk 1:31:24]} Bb7
{[%clk 1:16:40]} 6. Bg2 {[%clk 1:31:17]} c5 {[%clk 1:16:52]} 7. e4
{[%clk 1:31:04]} cxd4 {[%clk 1:14:33]} 8. Nxd4 {[%clk 1:30:36]} d6
{[%clk 1:05:47]} 9. O-O {[%clk 1:28:19]} Nbd7 {[%clk 1:06:05]} 10. Re1
{[%clk 1:28:36]} Qc7 {[%clk 1:04:57]} 11. Nb5 {[%clk 1:28:45]} Qb8
{[%clk 1:05:13]} 12. c5 {[%clk 1:28:57]} Ne5 {[%clk 0:54:59]} 13. f4
{[%clk 1:17:09]} bxc5 {[%clk 0:46:16]} 14. fxe5 {[%clk 1:16:27]} dxe5
{[%clk 0:46:40]} 15. Nc4 {[%clk 1:15:21]} Ba6 {[%clk 0:46:56]} 16. Nc7+
{[%clk 1:14:57]} Qxc7 {[%clk 0:45:23]} 17. Qa4+ {[%clk 1:12:47]} Nd7
{[%clk 0:45:41]} 18. Qxa6 {[%clk 1:13:12]} Be7 {[%clk 0:45:52]} 19. Bd2
{[%clk 1:12:39]} Nb8 {[%clk 0:30:06]} 20. Qb5+ {[%clk 1:12:47]} Qc6
{[%clk 0:30:20]} 21. Qxc6+ {[%clk 1:04:21]} Nxc6 {[%clk 0:30:43]} 22. Bc3
{[%clk 1:04:42]} Bf6 {[%clk 0:29:28]} 23. Red1 {[%clk 1:04:06]} Ke7
{[%clk 0:28:16]} 24. Rd6 {[%clk 1:04:07]} Rhc8 {[%clk 0:28:15]} 25. b3
{[%clk 1:03:29]} Nd4 {[%clk 0:24:02]} 26. Bxd4 {[%clk 1:02:58]} cxd4
{[%clk 0:24:27]} 27. Ra6 {[%clk 1:03:10]} Rc7 {[%clk 0:23:56]} 28. Bf1
{[%clk 1:02:49]} Rac8 {[%clk 0:20:03]} 29. Nd6 {[%clk 1:00:35]} Ra8
{[%clk 0:20:26]} 30. Bd3 {[%clk 0:59:33]} Bg5 {[%clk 0:17:10]} 31. Kf2
{[%clk 0:59:32]} g6 {[%clk 0:15:11]} 32. Ke2 {[%clk 0:58:16]} h5 {[%clk 0:15:01]}
33. Bc4 {[%clk 0:56:29]} h4 {[%clk 0:06:14]} 34. Rf1 {[%clk 0:56:30]} Rf8
{[%clk 0:06:28]} 35. Nb5 {[%clk 0:55:56]} Rb7 {[%clk 0:05:11]} 36. Nxa7
{[%clk 0:56:15]} Rh8 {[%clk 0:01:55]} 37. Nc6+ {[%clk 0:56:33]} Kf8
{[%clk 0:02:14]} 38. Nxe5 {[%clk 0:56:39]} Kg7 {[%clk 0:02:38]} 39. g4
{[%clk 0:56:44]} h3 {[%clk 0:02:33]} 40. a4 {[%clk 1:26:15]} Be3 {[%clk 0:31:53]}
41. a5 {[%clk 1:25:56]} g5 {[%clk 0:31:53]} 42. Rb6 {[%clk 1:25:54]} Ra7
{[%clk 0:31:42]} 43. a6 {[%clk 1:26:16]} Bf4 {[%clk 0:31:48]} 44. Nf3
{[%clk 1:26:07]} Rd8 {[%clk 0:29:39]} 45. Kd3 {[%clk 1:26:16]} Rdd7
{[%clk 0:29:41]} 46. b4 {[%clk 1:26:30]} Rac7 {[%clk 0:29:33]} 47. b5
{[%clk 1:26:27]} Re7 {[%clk 0:27:49]} 48. Rc6 {[%clk 1:25:11]} Rcd7
{[%clk 0:28:15]} 49. b6 {[%clk 1:25:30]} f5 {[%clk 0:28:42]} 50. a7
{[%clk 1:25:01]} Rd8 {[%clk 0:26:15]} 51. Rxe6 {[%clk 1:25:01]} fxe4+
{[%clk 0:22:41]} 52. Rxe4 {[%clk 1:25:16]} Rb7 {[%clk 0:14:09]} 53. Bd5
{[%clk 1:25:22]} Rxb6 {[%clk 0:07:19]} 54. a8=Q {[%clk 1:25:43]} Rxa8
{[%clk 0:04:44]} 55. Bxa8 {[%clk 1:25:34]} Ra6 {[%clk 0:02:42]} 56. Bb7
{[%clk 1:25:36]} Ra4 {[%clk 0:01:16]} 57. Rxd4 {[%clk 1:25:50]} Ra3+
{[%clk 0:01:36]} 58. Ke4 {[%clk 1:25:54]} Rb3 {[%clk 0:01:18]} 59. Bd5
{[%clk 1:26:02]} Kg6 {[%clk 0:01:16]} 60. Nh4+ {[%clk 1:26:02]} gxh4
{[%clk 0:01:23]} 61. Kxf4 {[%clk 1:26:16]} Rb2 {[%clk 0:01:40]} 62. Be4+
{[%clk 1:26:34]} Kh6 {[%clk 0:01:17]} 63. Rd6+ {[%clk 1:26:53]} Kg7
{[%clk 0:01:40]} 64. Rd7+ {[%clk 1:27:18]} Kf8 {[%clk 0:01:03]} 65. Bg6
{[%clk 1:27:23]} Kg8 {[%clk 0:01:08]} 66. Re1 {[%clk 1:27:34]} Rb4+
{[%clk 0:00:49]} 67. Re4 {[%clk 1:27:54]} Rb8 {[%clk 0:00:53]} 68. Re8+
{[%clk 1:28:16]} Rxe8 {[%clk 0:00:40]} 69. Bxe8 {[%clk 1:28:40]} Kf8
{[%clk 0:00:41]} 70. Kf5 {[%clk 1:29:05]} Kxe8 {[%clk 0:00:35]} 71. Ke6
{[%clk 1:29:30]} Kf8 {[%clk 0:00:56]} 72. Kf6 {[%clk 1:29:55]} Kg8
{[%clk 0:00:53]} 73. g5 {[%clk 1:30:19]} Kh8 {[%clk 0:00:34]} 74. g6
{[%clk 1:30:44]} Kg8 {[%clk 0:00:32]} 75. Rd8# {[%clk 1:31:08]} 1-0

[Event "Agen 2017 - Vétérans"]
[Site "?"]
[Date "2017.08.26"]
[Round "8.1"]
[White "Saucey, Michel"]
[Black "Prie, Eric"]
[Result "0-1"]
[LiveChessVersion "1.4.8"]
[BlackElo "2481"]
[WhiteElo "2292"]

1. d4 {[%clk 1:30:59]} Nf6 {[%clk 1:30:29]} 2. c4 {[%clk 1:30:50]} c5
{[%clk 1:30:50]} 3. d5 {[%clk 1:31:13]} b5 {[%clk 1:31:12]} 4. Nf3
{[%clk 1:31:36]} Qa5+ {[%clk 1:20:29]} 5. Bd2 {[%clk 1:22:23]} b4
{[%clk 1:20:52]} 6. Qc2 {[%clk 1:18:47]} g6 {[%clk 1:15:41]} 7. e4
{[%clk 1:18:38]} Bg7 {[%clk 1:15:44]} 8. Bd3 {[%clk 1:16:08]} O-O
{[%clk 1:15:02]} 9. O-O {[%clk 1:13:44]} d6 {[%clk 1:15:24]} 10. h3
{[%clk 1:11:11]} e5 {[%clk 1:15:32]} 11. a3 {[%clk 0:59:59]} Na6 {[%clk 1:12:57]}
12. Qc1 {[%clk 0:52:21]} Nh5 {[%clk 0:58:02]} 13. Ne1 {[%clk 0:43:45]} Nf4
{[%clk 0:57:43]} 14. Bxf4 {[%clk 0:43:26]} exf4 {[%clk 0:58:04]} 15. Nd2
{[%clk 0:41:57]} Qd8 {[%clk 0:57:51]} 16. Nc2 {[%clk 0:29:12]} b3
{[%clk 0:34:24]} 17. Ne1 {[%clk 0:29:03]} Rb8 {[%clk 0:34:48]} 18. Nef3
{[%clk 0:27:09]} g5 {[%clk 0:34:31]} 19. Re1 {[%clk 0:24:22]} Re8
{[%clk 0:34:14]} 20. Nh2 {[%clk 0:20:02]} Rb7 {[%clk 0:34:03]} 21. Be2
{[%clk 0:17:53]} Nb8 {[%clk 0:34:28]} 22. Bg4 {[%clk 0:16:37]} Bxg4
{[%clk 0:34:27]} 23. hxg4 {[%clk 0:15:15]} Nd7 {[%clk 0:34:45]} 24. Ndf3
{[%clk 0:09:40]} h6 {[%clk 0:31:39]} 25. Re2 {[%clk 0:09:16]} a5 {[%clk 0:25:41]}
26. Rb1 {[%clk 0:09:42]} a4 {[%clk 0:26:00]} 27. Qe1 {[%clk 0:09:02]} Nb6
{[%clk 0:26:07]} 28. Nd2 {[%clk 0:07:30]} Rbe7 {[%clk 0:26:19]} 29. Kf1
{[%clk 0:05:56]} Qc8 {[%clk 0:25:44]} 30. Kg1 {[%clk 0:05:46]} Qa6
{[%clk 0:25:57]} 31. Qc1 {[%clk 0:05:55]} Nd7 {[%clk 0:26:21]} 32. Qf1
{[%clk 0:03:27]} Ne5 {[%clk 0:26:09]} 33. Ree1 {[%clk 0:03:40]} Qc8
{[%clk 0:20:31]} 34. Qe2 {[%clk 0:03:55]} Bf6 {[%clk 0:20:41]} 35. Rec1
{[%clk 0:03:02]} Ng6 {[%clk 0:11:35]} 36. Qf3 {[%clk 0:02:27]} Kg7
{[%clk 0:11:41]} 37. Qh3 {[%clk 0:02:11]} Ne5 {[%clk 0:11:27]} 38. Ndf1
{[%clk 0:00:47]} h5 {[%clk 0:08:29]} 39. gxh5 {[%clk 0:01:01]} Qxh3
{[%clk 0:08:52]} 40. gxh3 {[%clk 0:31:27]} Nd3 {[%clk 0:38:34]} 41. Ra1 0-1

[Event "Agen 2017 - Vétérans"]
[Site "?"]
[Date "2017.08.26"]
[Round "8.2"]
[White "Caderon, Michel"]
[Black "Goldenberg, Richard"]
[Result "1/2-1/2"]
[LiveChessVersion "1.4.8"]
[BlackElo "2216"]
[WhiteElo "1965"]

1. e4 {[%clk 1:30:51]} c5 {[%clk 1:30:59]} 2. Nf3 {[%clk 1:31:12]} Nc6
{[%clk 1:31:21]} 3. d4 {[%clk 1:31:06]} cxd4 {[%clk 1:31:37]} 4. Nxd4
{[%clk 1:31:22]} g6 {[%clk 1:31:49]} 5. c4 {[%clk 1:31:40]} Bg7 {[%clk 1:32:11]}
6. Be3 {[%clk 1:31:40]} Qb6 {[%clk 1:32:26]} 7. Nb5 {[%clk 1:22:25]} Qa5+
{[%clk 1:32:53]} 8. N1c3 {[%clk 1:14:21]} a6 {[%clk 1:20:41]} 9. Nd4
{[%clk 1:14:09]} Nf6 {[%clk 1:20:49]} 10. f3 {[%clk 1:12:40]} d6 {[%clk 1:19:21]}
11. Qd2 {[%clk 1:10:10]} O-O {[%clk 1:18:15]} 12. Be2 {[%clk 1:10:29]} Bd7
{[%clk 1:17:09]} 13. O-O {[%clk 1:05:44]} Nxd4 {[%clk 1:14:35]} 14. Bxd4
{[%clk 1:05:04]} Rfc8 {[%clk 1:11:22]} 15. Rfd1 {[%clk 1:04:31]} Be6
{[%clk 1:06:27]} 16. Nd5 {[%clk 0:52:09]} Qxd2 {[%clk 1:05:19]} 17. Rxd2
{[%clk 0:48:46]} Bxd5 {[%clk 1:03:04]} 18. Bxf6 {[%clk 0:47:48]} Bxf6
{[%clk 1:02:33]} 19. exd5 {[%clk 0:43:11]} Kg7 {[%clk 1:02:16]} 20. f4
{[%clk 0:39:11]} a5 {[%clk 0:58:47]} 21. a4 {[%clk 0:36:14]} h6 {[%clk 0:52:21]}
22. Rf1 {[%clk 0:26:17]} g5 {[%clk 0:47:50]} 23. f5 {[%clk 0:26:28]} Be5
{[%clk 0:47:18]} 24. g3 {[%clk 0:23:29]} Kf6 {[%clk 0:47:35]} 25. Kg2
{[%clk 0:23:20]} Rh8 {[%clk 0:45:37]} 26. h3 {[%clk 0:17:30]} h5 {[%clk 0:44:12]}
27. g4 {[%clk 0:15:03]} hxg4 {[%clk 0:43:01]} 28. Bxg4 {[%clk 0:15:28]} Rh4
{[%clk 0:40:44]} 29. Re2 {[%clk 0:12:27]} Rah8 {[%clk 0:38:50]} 30. Rh1
{[%clk 0:12:44]} Rc8 {[%clk 0:33:59]} 31. Rc1 {[%clk 0:12:01]} Bf4
{[%clk 0:30:34]} 32. Rcc2 {[%clk 0:12:03]} Rch8 {[%clk 0:29:56]} 33. Rc3
{[%clk 0:05:55]} b6 {[%clk 0:28:52]} 34. Rcc2 {[%clk 0:03:04]} Be5
{[%clk 0:28:06]} 35. Rf2 {[%clk 0:02:52]} R8h6 {[%clk 8:15:55]} 36. Rfe2
{[%clk 0:03:16]} Bf4 {[%clk 0:22:43]} 37. Rf2 {[%clk 0:02:09]} Rh8
{[%clk 0:19:25]} 38. Rfe2 {[%clk 0:02:12]} Rc8 {[%clk 0:19:23]} 39. Kf3
{[%clk 0:02:17]} Rhh8 {[%clk 0:18:32]} 40. Re4 {[%clk 0:32:23]} Be5
{[%clk 0:48:23]} 41. Re1 {[%clk 0:31:03]} Rc5 {[%clk 0:48:46]} 42. b3
{[%clk 0:30:36]} Rhc8 {[%clk 0:48:20]} 43. Rce2 {[%clk 0:30:54]} Ra8
{[%clk 0:42:55]} 44. Ra2 {[%clk 0:30:35]} Rh8 {[%clk 0:42:29]} 45. Kg2
{[%clk 0:30:20]} Rcc8 {[%clk 0:42:31]} 46. Rh1 {[%clk 0:30:02]} Rh4
{[%clk 0:42:25]} 47. Kf3 {[%clk 0:29:25]} Rch8 {[%clk 0:42:42]} 48. Kg2
{[%clk 0:28:39]} Bd4 {[%clk 0:40:43]} 49. Re2 {[%clk 0:28:17]} Be5
{[%clk 0:39:38]} 50. Ra2 {[%clk 0:28:38]} Rc8 {[%clk 0:39:11]} 51. Rf1
{[%clk 0:28:36]} Rc7 {[%clk 0:37:21]} 52. Rf3 {[%clk 0:28:17]} Bf4
{[%clk 0:36:39]} 53. Rd3 {[%clk 0:27:58]} Rc8 {[%clk 0:36:31]} 54. Rd1
{[%clk 0:28:13]} Rch8 {[%clk 0:36:12]} 55. Rh1 {[%clk 0:28:35]} R8h7
{[%clk 0:33:55]} 56. Re2 {[%clk 0:28:36]} R7h6 {[%clk 0:32:45]} 57. Re4
{[%clk 0:27:00]} Be5 {[%clk 0:27:02]} 58. Re2 {[%clk 0:26:23]} Rh8
{[%clk 0:27:11]} 59. Ra2 {[%clk 0:25:02]} Rc8 {[%clk 0:27:01]} 60. Kf3
{[%clk 0:24:54]} Rc7 {[%clk 0:25:58]} 61. Kg2 {[%clk 0:22:45]} Bc3
{[%clk 0:25:06]} 62. Rd1 {[%clk 0:22:36]} Rh8 {[%clk 0:23:50]} 63. Rd3
{[%clk 0:22:02]} Be5 1/2-1/2

[Event "Agen 2017 - Vétérans"]
[Site "?"]
[Date "2017.08.26"]
[Round "8.3"]
[White "Vareille, Francois"]
[Black "Gervasio, Ricardo"]
[Result "1-0"]
[LiveChessVersion "1.4.8"]
[BlackElo "2215"]
[WhiteElo "2424"]

1. d4 {[%clk 1:25:14]} Nf6 {[%clk 1:30:22]} 2. c4 {[%clk 1:25:36]} d6
{[%clk 1:29:38]} 3. Nf3 {[%clk 1:23:29]} Bg4 {[%clk 1:27:13]} 4. Nc3
{[%clk 1:20:09]} Nc6 {[%clk 1:26:28]} 5. d5 {[%clk 1:20:15]} Nb8 {[%clk 1:23:04]}
6. e4 {[%clk 1:16:10]} g6 {[%clk 1:23:13]} 7. Be2 {[%clk 1:16:27]} Bg7
{[%clk 1:21:21]} 8. O-O {[%clk 1:15:13]} O-O {[%clk 1:13:15]} 9. h3
{[%clk 1:13:05]} Bxf3 {[%clk 1:12:51]} 10. Bxf3 {[%clk 1:13:31]} Nfd7
{[%clk 1:13:09]} 11. Bg5 {[%clk 1:12:42]} h6 {[%clk 1:13:01]} 12. Be3
{[%clk 1:11:34]} f5 {[%clk 1:05:51]} 13. exf5 {[%clk 1:10:17]} gxf5
{[%clk 1:06:09]} 14. Qd2 {[%clk 1:08:53]} Rf6 {[%clk 1:00:33]} 15. Bh5
{[%clk 1:02:03]} c5 {[%clk 0:58:06]} 16. Ne2 {[%clk 0:53:02]} Ne5
{[%clk 0:57:30]} 17. b3 {[%clk 0:50:01]} Na6 {[%clk 0:56:25]} 18. Nf4
{[%clk 0:46:21]} Nc7 {[%clk 0:56:48]} 19. Be2 {[%clk 0:46:01]} Qf8
{[%clk 0:52:34]} 20. Rae1 {[%clk 0:44:04]} Ng6 {[%clk 0:50:58]} 21. Bh5
{[%clk 0:37:06]} Ne5 {[%clk 0:35:43]} 22. Kh1 {[%clk 0:33:54]} b6
{[%clk 0:34:04]} 23. g3 {[%clk 0:34:03]} Qc8 {[%clk 0:23:37]} 24. Qc2
{[%clk 0:29:47]} Qb7 {[%clk 0:23:22]} 25. Be2 {[%clk 0:30:00]} e6 26. Rd1
{[%clk 0:25:31]} exd5 {[%clk 0:18:01]} 27. Nxd5 {[%clk 0:25:39]} Nxd5
{[%clk 0:18:16]} 28. Rxd5 {[%clk 0:26:07]} Re8 {[%clk 0:17:53]} 29. Kh2
{[%clk 0:24:11]} Qf7 {[%clk 0:14:32]} 30. Qd1 {[%clk 0:22:51]} f4
{[%clk 0:14:43]} 31. gxf4 {[%clk 0:22:06]} Rxf4 {[%clk 0:14:35]} 32. Bxf4
{[%clk 0:16:37]} Qxf4+ {[%clk 0:15:03]} 33. Kg2 {[%clk 0:15:38]} Ng6
{[%clk 0:14:53]} 34. Bh5 {[%clk 0:10:37]} Nh4+ {[%clk 0:15:03]} 35. Kg1
{[%clk 0:09:52]} Re6 {[%clk 0:10:52]} 36. Qg4 Qf6 {[%clk 0:10:59]} 37. Rd3
{[%clk 0:08:18]} Qe7 {[%clk 0:11:00]} 38. Re3 {[%clk 0:07:35]} 1-0

[Event "Agen 2017 - Vétérans"]
[Site "?"]
[Date "2017.08.26"]
[Round "8.4"]
[White "Peyrin, Jean"]
[Black "Faber, Michel"]
[Result "0-1"]
[LiveChessVersion "1.4.8"]
[BlackElo "2097"]
[WhiteElo "1789"]

1. d4 {[%clk 1:30:52]} Nf6 {[%clk 1:30:55]} 2. c4 {[%clk 1:31:02]} e6
{[%clk 1:31:19]} 3. Nc3 {[%clk 1:31:17]} c5 {[%clk 1:31:37]} 4. d5
{[%clk 1:31:13]} exd5 {[%clk 1:31:56]} 5. cxd5 {[%clk 1:31:30]} d6
{[%clk 1:32:11]} 6. e4 {[%clk 1:31:22]} g6 {[%clk 1:32:01]} 7. Bd3
{[%clk 1:31:24]} Bg7 {[%clk 1:31:46]} 8. Nge2 {[%clk 1:31:12]} O-O
{[%clk 1:31:31]} 9. O-O {[%clk 1:31:24]} Na6 {[%clk 1:28:25]} 10. Ng3
{[%clk 1:26:58]} Ng4 {[%clk 1:25:46]} 11. h3 {[%clk 1:21:43]} Ne5
{[%clk 1:25:23]} 12. Be2 {[%clk 1:20:31]} Nc7 {[%clk 1:07:40]} 13. a4
{[%clk 1:06:58]} a6 {[%clk 1:01:23]} 14. f4 {[%clk 0:56:57]} Nd7 {[%clk 1:01:10]}
15. e5 {[%clk 0:48:49]} dxe5 {[%clk 0:57:51]} 16. f5 {[%clk 0:49:09]} Ne8
{[%clk 0:34:59]} 17. Nce4 {[%clk 0:40:11]} Ndf6 {[%clk 0:31:03]} 18. Nxf6+
{[%clk 0:32:11]} Bxf6 {[%clk 0:20:39]} 19. fxg6 {[%clk 0:26:03]} hxg6
{[%clk 0:20:29]} 20. Ne4 {[%clk 0:26:07]} Bg7 {[%clk 0:19:58]} 21. Nxc5
{[%clk 0:18:51]} Nd6 {[%clk 0:19:04]} 22. a5 {[%clk 0:16:17]} Qh4
{[%clk 0:14:05]} 23. Ra4 {[%clk 0:15:11]} Qe7 {[%clk 0:12:58]} 24. Be3
{[%clk 0:14:27]} Bf5 {[%clk 0:11:54]} 25. Qd2 {[%clk 0:12:38]} Rac8
{[%clk 0:10:47]} 26. b4 {[%clk 0:11:37]} Rfd8 {[%clk 0:10:10]} 27. Ra3
{[%clk 0:08:12]} Ne4 {[%clk 0:08:54]} 28. Qd1 {[%clk 0:05:43]} Nd6
{[%clk 0:06:41]} 29. Bg4 {[%clk 0:05:13]} Bxg4 {[%clk 0:05:19]} 30. Qxg4 Nf5
{[%clk 0:05:09]} 31. Rd1 {[%clk 0:05:16]} Nxe3 {[%clk 0:04:22]} 32. Rxe3
{[%clk 0:05:39]} Rxc5 {[%clk 0:04:41]} 33. bxc5 {[%clk 0:05:29]} Qxc5
{[%clk 0:05:09]} 34. Qf3 {[%clk 0:03:19]} Bh6 {[%clk 0:05:28]} 35. Rde1
{[%clk 0:03:21]} Bxe3+ {[%clk 0:05:37]} 36. Rxe3 {[%clk 0:02:11]} Rxd5
{[%clk 0:06:00]} 37. Kh2 {[%clk 0:02:10]} Qxa5 {[%clk 0:06:07]} 38. Rc3
{[%clk 0:01:54]} Qd8 {[%clk 0:04:32]} 39. Qg4 {[%clk 0:01:27]} Qf6
{[%clk 0:04:18]} 40. Rf3 {[%clk 0:31:15]} Qe7 {[%clk 0:34:11]} 41. Re3
{[%clk 0:25:45]} Kg7 {[%clk 0:32:31]} 42. Qe4 {[%clk 0:25:42]} Rb5
{[%clk 0:31:53]} 43. Rg3 {[%clk 0:23:22]} Rb4 {[%clk 0:30:41]} 44. Qd3
{[%clk 0:21:51]} a5 {[%clk 0:30:02]} 45. Qd5 {[%clk 0:20:51]} b6 {[%clk 0:29:01]}
46. Re3 {[%clk 0:21:07]} Qc7 {[%clk 0:24:51]} 47. Re1 {[%clk 0:18:08]} e4+
{[%clk 0:21:51]} 48. Kh1 {[%clk 0:18:27]} Qe7 {[%clk 0:20:07]} 49. Qd2
{[%clk 0:14:52]} Qf6 {[%clk 0:19:07]} 50. Qe2 {[%clk 0:14:43]} Qd4
{[%clk 0:14:27]} 51. Rd1 {[%clk 0:14:26]} Qe5 {[%clk 0:13:20]} 52. Qe3
{[%clk 0:14:13]} b5 {[%clk 0:13:10]} 53. Qa3 {[%clk 0:13:37]} Ra4
{[%clk 0:11:52]} 0-1

[Event "Agen 2017 - Open A"]
[Site "?"]
[Date "2017.08.26"]
[Round "8.1"]
[White "Degardin, Sylvain"]
[Black "Fruchard, Cyrille"]
[Result "0-1"]
[LiveChessVersion "1.4.8"]
[BlackElo "2168"]
[WhiteElo "2195"]

1. e4 {[%clk 1:30:50]} e6 {[%clk 1:30:51]} 2. d4 {[%clk 1:31:06]} d5
{[%clk 1:31:17]} 3. Nd2 {[%clk 1:31:17]} Nf6 {[%clk 1:31:42]} 4. e5
{[%clk 1:31:30]} Nfd7 {[%clk 1:32:07]} 5. Bd3 {[%clk 1:31:42]} c5
{[%clk 1:32:31]} 6. c3 {[%clk 1:32:01]} Nc6 {[%clk 1:32:55]} 7. Ne2
{[%clk 1:31:59]} cxd4 {[%clk 1:32:59]} 8. cxd4 {[%clk 1:32:20]} f6
{[%clk 1:33:21]} 9. exf6 {[%clk 1:32:21]} Nxf6 {[%clk 1:33:46]} 10. O-O
{[%clk 1:32:29]} Bd6 {[%clk 1:33:37]} 11. Nf3 {[%clk 1:32:44]} O-O
{[%clk 1:32:35]} 12. Bg5 {[%clk 1:32:41]} Qb6 {[%clk 1:24:37]} 13. Nc3
{[%clk 1:10:47]} Bd7 {[%clk 1:13:55]} 14. Rc1 {[%clk 0:55:10]} Rae8
{[%clk 1:05:20]} 15. Re1 {[%clk 0:40:52]} a6 {[%clk 0:49:41]} 16. Na4
{[%clk 0:39:11]} Qa7 {[%clk 0:48:16]} 17. Nc5 {[%clk 0:38:01]} Nxd4
{[%clk 0:38:11]} 18. Bxh7+ {[%clk 0:33:27]} Nxh7 {[%clk 0:33:58]} 19. Nxd7
{[%clk 0:23:53]} Nxf3+ {[%clk 0:34:01]} 20. Kh1 {[%clk 0:15:47]} Nfxg5
{[%clk 0:32:28]} 21. Nxf8 {[%clk 0:15:26]} Rxf8 {[%clk 0:32:10]} 22. h4
{[%clk 0:12:21]} Qxf2 {[%clk 0:31:47]} 23. Qg4 {[%clk 0:12:15]} Rf4
{[%clk 0:30:08]} 0-1

[Event "Agen 2017 - Open A"]
[Site "?"]
[Date "2017.08.26"]
[Round "8.2"]
[White "Lagarde, Dimitri"]
[Black "Duquesne, Adrien"]
[Result "0-1"]
[LiveChessVersion "1.4.8"]
[BlackElo "2172"]
[WhiteElo "2115"]

1. e4 {[%clk 1:30:57]} c5 {[%clk 1:23:51]} 2. Ne2 {[%clk 1:30:46]} d6
{[%clk 1:22:53]} 3. g3 {[%clk 1:30:11]} g6 {[%clk 1:19:13]} 4. Bg2
{[%clk 1:29:10]} Bg7 {[%clk 1:19:33]} 5. O-O {[%clk 1:28:33]} Nc6
{[%clk 1:14:22]} 6. Nbc3 {[%clk 1:27:32]} e6 {[%clk 1:14:07]} 7. d3
{[%clk 1:23:09]} Nge7 {[%clk 1:14:29]} 8. h3 {[%clk 1:16:04]} O-O
{[%clk 1:13:51]} 9. f4 {[%clk 1:13:14]} Rb8 {[%clk 1:09:02]} 10. Kh2
{[%clk 1:11:12]} b5 {[%clk 1:06:53]} 11. Qe1 {[%clk 1:06:02]} a5 {[%clk 1:02:52]}
12. Qf2 {[%clk 1:04:22]} b4 {[%clk 0:57:31]} 13. Nd1 {[%clk 1:01:40]} Nd4
{[%clk 0:55:11]} 14. Ne3 {[%clk 0:58:16]} Qc7 {[%clk 0:33:04]} 15. g4
{[%clk 0:50:11]} f5 {[%clk 0:32:14]} 16. exf5 {[%clk 0:35:57]} exf5
{[%clk 0:30:13]} 17. Ng3 {[%clk 0:29:27]} Kh8 {[%clk 0:25:54]} 18. Bd2
{[%clk 0:22:37]} Bd7 {[%clk 0:23:37]} 19. c3 {[%clk 0:12:34]} bxc3
{[%clk 0:23:16]} 20. bxc3 {[%clk 0:13:00]} Ndc6 {[%clk 0:22:50]} 21. gxf5
{[%clk 0:09:25]} Bxf5 {[%clk 0:22:49]} 22. Ngxf5 {[%clk 0:08:33]} Nxf5
{[%clk 0:22:22]} 23. Nxf5 {[%clk 0:08:37]} Rxf5 {[%clk 0:21:46]} 24. Rab1
{[%clk 0:08:17]} Ne7 {[%clk 0:17:56]} 25. c4 {[%clk 0:05:14]} Rff8
{[%clk 0:17:02]} 26. Rxb8 {[%clk 0:02:10]} Rxb8 {[%clk 0:17:02]} 27. Qe1
{[%clk 0:02:35]} a4 {[%clk 0:15:10]} 28. Bc3 {[%clk 0:01:59]} Nf5
{[%clk 0:13:41]} 29. Bd5 {[%clk 0:01:16]} Bxc3 {[%clk 0:11:49]} 30. Qxc3+
{[%clk 0:01:43]} Qg7 {[%clk 0:12:11]} 31. Qxg7+ {[%clk 0:01:04]} Kxg7
{[%clk 0:12:30]} 32. Rf2 {[%clk 0:01:09]} a3 {[%clk 0:12:17]} 33. Be4
{[%clk 0:00:34]} Nd4 {[%clk 0:08:56]} 34. Kg1 {[%clk 0:00:34]} Rb1+
{[%clk 0:08:45]} 35. Kg2 {[%clk 0:00:59]} Rb2 {[%clk 0:08:10]} 36. Kf1
{[%clk 0:01:23]} Kf6 {[%clk 0:03:02]} 37. Ke1 {[%clk 0:00:38]} Rxf2
{[%clk 0:01:11]} 38. Kxf2 {[%clk 0:01:03]} Nc2 {[%clk 0:01:23]} 39. Ke2
{[%clk 0:00:54]} Nb4 {[%clk 0:01:33]} 40. d4 {[%clk 0:31:19]} Nxa2
{[%clk 0:31:10]} 41. dxc5 {[%clk 0:31:36]} Nc3+ {[%clk 0:30:45]} 42. Kd3
{[%clk 0:31:47]} Nxe4 {[%clk 0:29:50]} 43. c6 {[%clk 0:32:12]} Ke7
{[%clk 0:29:11]} 44. Kd4 0-1